|
|
|
|
| LEADER |
02638nam a2200541 a 4500 |
| 001 |
000015313 |
| 005 |
20220314133636.0 |
| 008 |
050727s1726 rm e lat |
| FMT |
|
|
|
| 040 |
|
|
|a SVKKK
|b slo
|c SVKKK
|e AACR2
|
| 041 |
0 |
|
|a lat
|
| 044 |
|
|
|a rm
|c RO
|
| 080 |
|
|
|a 282
|
| 080 |
|
|
|a 23
|
| 080 |
|
|
|a 273
|
| 100 |
1 |
|
|a Barclay, John,
|d 1582-1621
|4 aut
|
| 245 |
1 |
0 |
|a Paraenesis Ad Sectarios
|b Joannis Barclaji Paraenesis ad Sectarios. Romae primùm edita, Seculi proximè superioris Anno XVII. Deinde Cùm propé intercidisset, ab interitu vindicata, & luci reddita, Ac Honoribus Illustrissimorum Dominorum Ladislai Lazar, Comitis de Szárhegy, (et) Georgii Haller, L. B. de Hallerkö. à Condisipulis Neo-Baccalaureis oblata Anno 1726.
|
| 260 |
|
|
|a [Claudiopoli]
|b [s. n.]
|c (1726)
|
| 300 |
|
|
|a [20],21-365,[1] s. [1],A/12-P/12,Q/3 [=184] list.
|c 8°. 13,5x8,5 cm
|
| 500 |
|
|
|a Vinety ornam., linky ozdobné, inic. s ornam. pozadím v rámčeku na 3, 4 r., verz. na 2 r., typograf. ozdoby, kustódy
|
| 500 |
|
|
|a Chybné stránkovanie: nam. s. 21 je s. 1.
|
| 501 |
|
|
|a Prív. 1.: MIKSA, S.: D. O. M. A. Quod Bonum, Felix, Faustum, Fortunatúmq; sit. [Claudiopoli] (1726). 6°
|
| 508 |
|
|
|a Na zl. A/1-A/2 ded. autora pápežovi Pavlovi V. Na zl. A/3-A/8a úvod autora čitateľovi v závere s textom: "Romae. Idib. August. M. DC. XVII"
|
| 510 |
4 |
|
|a Petrik I/179; ; Petrik V/47; OSZK
|
| 550 |
|
|
|a Chýbajú impresorské údaje. Rok doplnený z textu titl. listu. Miesto tlače doplnené podľa OSZK.
|
| 561 |
|
|
|a Peč.: Štátna vedecká knižnica v Košiciach; K. K. Rechtsakad. Bibliothek In Kaschau. Tlač. exlibris: Kassai királyi jogakademia Könyvtára Szekrény szám XIII Osztályzat e. Rkp.: Inscriptus Catalogo Collegij Cassovi. à P. Farkas 1747.; Pro Cubiculo Conci. Ungarici.
|
| 563 |
|
|
|a Lepenka, hnedá koža s rámc. link. slepotlačou, zlátená oriezka
|
| 653 |
1 |
|
|a rímskokatolícka cirkev
|
| 653 |
1 |
|
|a dogmatika
|
| 653 |
1 |
|
|a teológia
|
| 653 |
2 |
|
|a polemiky
|
| 653 |
2 |
|
|a podstata kresťanstva
|
| 653 |
2 |
|
|a sektári
|
| 700 |
1 |
|
|a Lazar, Ladislaus
|4 oth
|
| 700 |
1 |
|
|a Haller, Georgius
|4 oth
|
| 700 |
1 |
|
|a Farkas, P.
|4 sgn
|
| 700 |
0 |
|
|a Pavol,
|b V.,
|c pápež
|d 1605-1621
|4 dte
|
| 700 |
1 |
|
|a Barclay, John,
|d 1582-1621
|4 aui
|4 dto
|
| 710 |
0 |
|
|a s. n.
|c Cluj-Napoca
|4 prt
|
| 710 |
0 |
|
|a knižnice - Knižnica Právnickej akadémie
|c Košice
|4 sgn
|
| 710 |
0 |
|
|a jezuiti - kolégium
|c Košice
|4 sgn
|
| 752 |
|
|
|a Rumunsko
|d Cluj-Napoca
|
| 852 |
|
|
|p B 503b PA
|
| 904 |
|
|
|a ac--y---eaa------yyyb-1001--
|
| 905 |
|
|
|a bf-a1bb-
|5 -------
|
| 910 |
|
|
|a svkkk
|
| 998 |
|
|
|a ST18
|
| BAS |
|
|
|